| 000 | 00679cam a22002291 4500 | ||
|---|---|---|---|
| 001 | sa 64001594 | ||
| 003 | DLC | ||
| 005 | 20260227112003.0 | ||
| 008 | 830217s1963 ii b 000 0 eng | ||
| 010 | _asa 64001594 | ||
| 025 | _aPL480:I-E-2682 | ||
| 035 | _a(OCoLC)9232318 | ||
| 040 |
_aDLC _cViU _dDLC |
||
| 042 | _apremarc | ||
| 050 | 0 | 0 |
_aDS423 _b.A8 |
| 100 | 1 |
_aAtreya, B. L. _q(Bhikhan Lal) |
|
| 245 | 1 | 0 |
_aIndian culture, _cby Bhikhan Lal Atreya, Suniti Kumas Chatterji [and] Alain Danielou. |
| 260 |
_aDelhi _b[Universal Book and Stationery Co., _c1963?] |
||
| 300 |
_aviii, 95, [1] p. _c23 cm. |
||
| 504 | _aBibliography: p. [96] | ||
| 651 | 0 |
_aIndia _xCivilization. |
|
| 999 |
_c56821 _d56821 |
||